banner-ar

اشهر انهار العالم من 1 - 5 / (Record no. 49785)

MARC details
000 -الفاتح
حقل البيانات ثابتة الطول 01607nam a2200289Ia 4500
005 - وقت وتاريخ اخر تعامل مع التسجيلة
رقم الضبط 20240530104659.0
008 - عناصر البيانات ثابتة الطول - معلومات عامة
حقل البيانات ثابتة الطول 140319s1967 xx 000 0 ara d
040 ## - مصدر الفهرسة
وكالة الفهرسة الأصلية GCL /
وكالة النسخ GCL
082 04 - رقم تصنيف ديوى العشرى
رقم التصنيف 551.483 /
رقم المادة و ا
100 1# - المدخل الرئيسى - إسم شخصى
الإسم الشخصى واينجارتن ، فيوليت
245 10 - بيان العنوان
العنوان اشهر انهار العالم من 1 - 5 /
بيان المسئوليه,etc تاليف واينجارتن ، فيوليت ؛ مترجم فؤاد اسكندر ؛ مراجع عزالدين فريد
260 ## - PUBLICATION, DISTRIBUTION, ETC. (IMPRINT)
تاريخ النشر أو التوزيع 1967
260 ## - PUBLICATION, DISTRIBUTION, ETC. (IMPRINT)
تاريخ النشر أو التوزيع 1967
300 ## - الوصف المادى
التعداد متعدد ؛
أبعاد الوعاء 24 سم
490 ## - بيان السلسلة
عنوان السلسلة اشهر انهار العالم
رقم المجلد/ التعيين التسلسلي ( 1 - 5 )
500 ## - تبصرة عامة
تبصرة عامة سلسلة من 1 - 5 <br/>1- السلسلة الاولى النيل شريان الحياة فى مصر <br/>2 - السلسلة الثانية اليانج تسى الطريق الرئيسى الى قلب الصين <br/>3 - السلسلة الثالثة نهر المسببسيى عملاق فى مسيرته <br/>4 - السلسلة الرابعة الكونغو يشق اواسط افريقيا <br/>5 - السلسلة الخامسة الهدسون نهر له تاريخ
650 04 - المدخل الاضافى بالموضوع-مصطلح موضوعى
مصطلح موضوعي نهر النيل
650 04 - المدخل الاضافى بالموضوع-مصطلح موضوعى
مصطلح موضوعي الانهار
650 04 - المدخل الاضافى بالموضوع-مصطلح موضوعى
مصطلح موضوعي نهر يانج تسى
650 04 - المدخل الاضافى بالموضوع-مصطلح موضوعى
مصطلح موضوعي نهر المسيسبى
650 04 - المدخل الاضافى بالموضوع-مصطلح موضوعى
مصطلح موضوعي نهر الكونغو
650 04 - المدخل الاضافى بالموضوع-مصطلح موضوعى
مصطلح موضوعي نهر هدسون
700 1# - المدخل الاضافى - اسم شخصى
الإسم الشخصى فؤاد اسكندر
الدور مترجم
700 1# - المدخل الاضافى - اسم شخصى
الإسم الشخصى عزالدين فريد
الدور مراجع
942 ## - عناصر المدخل الإضافي( كوها)
مصدر التصنيف او مخطط الترفيف Dewey Decimal Classification
Koha [default] item type كتاب
260 ## - PUBLICATION, DISTRIBUTION, ETC. (IMPRINT)
-- القاهرة :
-- مؤسسة فرانكين للطباعة والنشر ،
260 ## - PUBLICATION, DISTRIBUTION, ETC. (IMPRINT)
-- القاهرة :
-- مؤسسة الحلبى وشركاه للنشر والتوزيع ،
Holdings
حالة التراجع حالة الفقد حالة تلف ليس للاعارة المكان المؤقت الموقع الحالى تاريخ الاكتساب اجمالي اﻻعارات رقم الطلب الباركود تاريخ اخر مشاهدة تاريخ تفعيل السعر نوع وعاء كوها
        مكتبة القاهرة الكبرى مكتبة القاهرة الكبرى 03/26/2014   551.483\و ا 119509 03/26/2014 03/26/2014 كتاب

Powered By

EGPV